[Event "Rottach Egern Seniors Cup 12th"]
[Site "Rottach Egern"]
[Date "2024.04.09"]
[Round "4"]
[White "Crickmore, Neil EG"]
[Black "Sonnberger, Norbert"]
[Result "1-0"]
[WhiteElo "2151"]
[BlackElo "1706"]
[PlyCount "57"]
[EventDate "2024.04.06"]
[EventType "swiss"]
[EventRounds "9"]
[EventCountry "GER"]
[SourceTitle "CB16_2024"]
[SourceDate "2024.04.17"]
[SourceVersion "1"]
[SourceVersionDate "2024.04.17"]
[SourceQuality "1"]

1. d4 b6 2. e4 Bb7 3. Qd3 e6 4. Nf3 Ne7 5. c3 Ng6 6. h4 d6 7. h5 Ne7 8. Bf4 Qd7 9. Qe2 a5 10. Na3 Nc8 11. Nc4 b5 12. Ne3 c6 13. h6 f6 14. hxg7 Bxg7 15. 0-0-0 b4 16. c4 Na6 17. e5 c5 18. exd6 Kf8 19. Ne5 fxe5 20. dxe5 Qf7 21. d7 Nd6 22. Bg5 Qxd7 23. exd6 Re8 24. Ng4 b3 25. axb3 Nb4 26. Nf6 Nd3+ 27. Qxd3 Bxf6 28. Bxf6 Kf7 29. Rxh7+ 1-0